[Event "AI Cup Div 1 W"]
[Site "chess.com INT"]
[Date "2023.09.25"]
[Round "1.1"]
[White "Nepomniachtchi, Ian"]
[Black "Giri, Anish"]
[Result "1-0"]
[WhiteTitle "GM"]
[BlackTitle "GM"]
[WhiteElo "2771"]
[BlackElo "2760"]
[WhiteFideId "4168119"]
[BlackFideId "24116068"]
[EventDate "2023.09.25"]
[EventType "k.o."]

1. e4 c5 2. Nf3 d6 3. Bb5+ Bd7 4. Bxd7+ Qxd7 5. c4 Nf6 6. Nc3 Nc6 7. d4 cxd4 8.
Nxd4 g6 9. O-O Bg7 10. Nf3 O-O 11. Bd2 a6 12. Qe2 Rab8 13. Rab1 b5 14. cxb5 axb5
15. Nxb5 Nxe4 16. Qxe4 Rxb5 17. b4 Ra8 18. Rfc1 d5 19. Qc2 Nd4 20. Nxd4 Bxd4 21.
a4 Rbb8 22. b5 Bb6 23. Ra1 Ba5 24. Bxa5 Rxa5 25. h3 d4 26. Qb3 Qa7 27. Rab1 Qb6
28. Rc4 Rd8 29. Rc6 Qb7 30. Rd1 Raa8 31. Qc4 Qd7 32. Rd3 e5 33. Rc7 Rdc8 34.
Rxd7 Rxc4 35. Rf3 f5 36. Rb3 Rcxa4 37. b6 Rb8 38. b7 Rc4 39. Rb6 d3 40. Rbd6 Rb4
41. Rd8+ Rxd8 42. Rxd8+ Kf7 43. b8=Q Rxb8 44. Rxb8 1-0

[Event "AI Cup Div 1 W"]
[Site "chess.com INT"]
[Date "2023.09.25"]
[Round "1.1"]
[White "Firouzja, Alireza"]
[Black "Vachier-Lagrave, Maxime"]
[Result "1/2-1/2"]
[WhiteTitle "GM"]
[BlackTitle "GM"]
[WhiteElo "2777"]
[BlackElo "2727"]
[WhiteFideId "12573981"]
[BlackFideId "623539"]
[EventDate "2023.09.25"]
[EventType "k.o."]

1. e4 c5 2. Nf3 d6 3. d4 cxd4 4. Nxd4 Nf6 5. Nc3 a6 6. Bg5 e6 7. f4 Qb6 8. Nb3
Nbd7 9. Qe2 Qc7 10. O-O-O b5 11. a3 Be7 12. Kb1 Rb8 13. Qe1 Bb7 14. Bd3 h6 15.
Bh4 Nc5 16. Nxc5 dxc5 17. e5 Nd5 18. Nxd5 Bxd5 19. Bxe7 Qxe7 20. Be4 Bxe4 21.
Qxe4 O-O 22. Rd6 b4 23. a4 b3 24. c3 Rfd8 25. Rhd1 Rxd6 26. exd6 Qd7 27. g4 Rb6
28. Qe5 Rc6 29. g5 hxg5 30. fxg5 Rc8 31. Qe4 c4 32. g6 fxg6 33. Qxg6 Rf8 34. Qg4
Qxa4 35. Qxe6+ Kh8 36. Qh3+ Kg8 37. Qe6+ Kh8 38. Qh3+ Kg8 39. Qe6+ 1/2-1/2

[Event "AI Cup Div 1 W"]
[Site "chess.com INT"]
[Date "2023.09.25"]
[Round "1.1"]
[White "Lazavik, Denis"]
[Black "Mamedyarov, Shakhriyar"]
[Result "1/2-1/2"]
[WhiteTitle "GM"]
[BlackTitle "GM"]
[WhiteElo "2560"]
[BlackElo "2734"]
[WhiteFideId "13515110"]
[BlackFideId "13401319"]
[EventDate "2023.09.25"]
[EventType "k.o."]

1. d4 Nf6 2. c4 g6 3. g3 d5 4. cxd5 c6 5. dxc6 Nxc6 6. Nf3 e5 7. e3 Bb4+ 8. Bd2
Bxd2+ 9. Qxd2 exd4 10. Nxd4 Qd5 11. f3 Nxd4 12. Qxd4 Qxd4 13. exd4 Be6 14. Nc3
O-O-O 15. Rd1 Kb8 16. Kf2 Rd6 17. Be2 Rhd8 18. Rd2 Rxd4 19. Rxd4 Rxd4 20. Rd1
Rxd1 21. Bxd1 Kc7 22. Ke3 Nd5+ 23. Nxd5+ Bxd5 24. a3 Kd6 1/2-1/2

[Event "AI Cup Div 1 W"]
[Site "chess.com INT"]
[Date "2023.09.25"]
[Round "1.2"]
[White "Giri, Anish"]
[Black "Nepomniachtchi, Ian"]
[Result "0-1"]
[WhiteTitle "GM"]
[BlackTitle "GM"]
[WhiteElo "2760"]
[BlackElo "2771"]
[WhiteFideId "24116068"]
[BlackFideId "4168119"]
[EventDate "2023.09.25"]
[EventType "k.o."]

1. d4 Nf6 2. Bf4 d5 3. e3 c5 4. Nd2 Nc6 5. c3 Bf5 6. Qb3 Qb6 7. dxc5 Qxb3 8.
axb3 e5 9. Bg5 Bxc5 10. Bxf6 gxf6 11. b4 Bb6 12. Ngf3 O-O-O 13. Bb5 Kb8 14. O-O
Rhg8 15. Rfe1 Be6 16. Ba4 d4 17. exd4 exd4 18. Ne4 dxc3 19. bxc3 Rd3 20. Nxf6
Rg6 21. Bxc6 bxc6 22. Rxe6 fxe6 23. Ne5 Rxc3 24. Nxg6 hxg6 25. g3 Kc7 26. Re1
Rc2 27. Ng4 Kd6 28. Rd1+ Ke7 29. Kg2 Rb2 30. h4 Rxb4 31. Ne5 Kf6 32. Nd7+ Kf5
33. Re1 Bd4 34. Kh3 e5 35. g4+ Ke6 36. Nf8+ Kf7 37. Nd7 Rb5 38. h5 gxh5 39. gxh5
Ke7 40. h6 Kxd7 41. h7 Rb8 42. Kg4 Rh8 43. Rh1 Ke6 44. Kg5 Kf7 45. Rh6 c5 46.
Rc6 e4 47. Kf5 Rxh7 48. Rc7+ Kg8 49. Rc8+ Kg7 50. Rc7+ Kh6 51. Rc6+ Kh5 0-1

[Event "AI Cup Div 1 W"]
[Site "chess.com INT"]
[Date "2023.09.25"]
[Round "1.2"]
[White "Vachier-Lagrave, Maxime"]
[Black "Firouzja, Alireza"]
[Result "1/2-1/2"]
[WhiteTitle "GM"]
[BlackTitle "GM"]
[WhiteElo "2727"]
[BlackElo "2777"]
[WhiteFideId "623539"]
[BlackFideId "12573981"]
[EventDate "2023.09.25"]
[EventType "k.o."]

1. e4 e5 2. Nf3 Nf6 3. d4 Nxe4 4. Bd3 d5 5. Nxe5 Nd7 6. Nc3 Nxc3 7. bxc3 Bd6 8.
O-O O-O 9. Re1 c5 10. Nxd7 Qxd7 11. dxc5 Bxc5 12. Qh5 h6 13. Bb2 Qc6 14. Re2 Qb6
15. Bc1 Qd6 16. Bg5 Qc6 17. Rae1 Bd7 18. Bf4 Rae8 19. h3 Rxe2 20. Rxe2 Re8 21.
Rxe8+ Bxe8 22. Qf5 g6 23. Qe5 Bf8 24. Qe3 a6 25. h4 Bd7 26. Bxh6 Bxh6 27. Qxh6
Qxc3 28. Qg5 Bb5 29. Bxb5 axb5 30. h5 Qxc2 31. Qxd5 1/2-1/2

[Event "AI Cup Div 1 W"]
[Site "chess.com INT"]
[Date "2023.09.25"]
[Round "1.2"]
[White "Mamedyarov, Shakhriyar"]
[Black "Lazavik, Denis"]
[Result "1/2-1/2"]
[WhiteTitle "GM"]
[BlackTitle "GM"]
[WhiteElo "2734"]
[BlackElo "2560"]
[WhiteFideId "13401319"]
[BlackFideId "13515110"]
[EventDate "2023.09.25"]
[EventType "k.o."]

1. d4 Nf6 2. c4 e6 3. Nf3 d5 4. Nc3 Be7 5. Bf4 O-O 6. e3 Nbd7 7. c5 c6 8. b4 b6
9. h4 h6 10. Bd3 a5 11. a3 Ba6 12. b5 Bb7 13. cxb6 Qxb6 14. O-O Rfc8 15. bxc6
Bxc6 16. Ne5 Nxe5 17. Bxe5 Nd7 18. Bf4 Qd8 19. g3 a4 20. Qe2 Qa5 21. Nb5 Bxb5
22. Bxb5 Nf6 23. Be5 Ne4 24. Bd3 Qd2 25. Qg4 Nf6 26. Bxf6 Bxf6 27. Rfd1 Qc3 28.
Qe2 Rab8 29. Bb5 Qa5 30. Rdb1 Be7 31. Bd7 Rd8 32. Rxb8 Rxb8 33. Qc2 Ra8 34. Rb1
Bxa3 35. Bc6 Ra7 36. Rb5 Qc7 37. Rb1 Bf8 38. Bxa4 Qxc2 39. Bxc2 h5 40. Kg2 g6 1/2-1/2

[Event "AI Cup Div 1 W"]
[Site "chess.com INT"]
[Date "2023.09.25"]
[Round "1.3"]
[White "Nepomniachtchi, Ian"]
[Black "Giri, Anish"]
[Result "1/2-1/2"]
[WhiteTitle "GM"]
[BlackTitle "GM"]
[WhiteElo "2771"]
[BlackElo "2760"]
[WhiteFideId "4168119"]
[BlackFideId "24116068"]
[EventDate "2023.09.25"]
[EventType "k.o."]

1. e4 c5 2. Nf3 d6 3. Bb5+ Nd7 4. d4 cxd4 5. Qxd4 a6 6. Bxd7+ Bxd7 7. c4 Nf6 8.
Nc3 g6 9. Bg5 Bg7 10. O-O O-O 11. Rad1 b5 12. c5 Be6 13. cxd6 Qxd6 14. e5 Qxd4
15. Nxd4 Ng4 16. Nxe6 fxe6 17. Bxe7 Rfe8 18. Bd6 Nxe5 19. Ne4 Nf7 20. b3 Rac8
21. Rd2 Red8 22. Rfd1 Bh6 23. Rd3 Rc2 24. a4 bxa4 25. bxa4 Rc4 26. f3 Rxa4 27.
Bc5 Rc8 28. Bf2 Ra2 29. Rd7 Rcc2 30. h4 Rxf2 31. Nxf2 Be3 32. Rf1 Ne5 33. Re7
Nd3 34. Rb1 Bxf2+ 35. Kf1 Bg3 36. Rbb7 Kf8 37. Rf7+ Ke8 38. Rg7 Kf8 39. Rgf7+
Ke8 40. Rg7 Kf8 41. Rgf7+ 1/2-1/2

[Event "AI Cup Div 1 W"]
[Site "chess.com INT"]
[Date "2023.09.25"]
[Round "1.3"]
[White "Firouzja, Alireza"]
[Black "Vachier-Lagrave, Maxime"]
[Result "0-1"]
[WhiteTitle "GM"]
[BlackTitle "GM"]
[WhiteElo "2777"]
[BlackElo "2727"]
[WhiteFideId "12573981"]
[BlackFideId "623539"]
[EventDate "2023.09.25"]
[EventType "k.o."]

1. e4 c5 2. Nf3 d6 3. d4 cxd4 4. Nxd4 Nf6 5. Nc3 a6 6. Bg5 e6 7. f4 Qb6 8. Nb3
Nbd7 9. Qe2 Qc7 10. O-O-O b5 11. a3 Be7 12. Kb1 Rb8 13. Qe1 Bb7 14. Bd3 h6 15.
Bh4 Nc5 16. f5 exf5 17. Nxc5 dxc5 18. exf5 O-O 19. Bxb5 Bxg2 20. Rg1 axb5 21.
Rxg2 b4 22. Ne4 Nxe4 23. Qxe4 Bxh4 24. Qxh4 Kh7 25. f6 g6 26. Rd3 Qe5 27. Rh3 h5
28. Rg5 Qe2 29. Qf4 Qe1+ 30. Ka2 Qe6+ 31. Rb3 c4 32. Rbg3 b3+ 33. cxb3 cxb3+ 34.
Kb1 Qe1+ 35. Qc1 Rfe8 36. Rc3 Qe4+ 37. Ka1 Rbc8 38. Rg1 Qd4 39. Rgg3 Rxc3 40.
bxc3 Qf2 0-1

[Event "AI Cup Div 1 W"]
[Site "chess.com INT"]
[Date "2023.09.25"]
[Round "1.3"]
[White "Lazavik, Denis"]
[Black "Mamedyarov, Shakhriyar"]
[Result "1/2-1/2"]
[WhiteTitle "GM"]
[BlackTitle "GM"]
[WhiteElo "2560"]
[BlackElo "2734"]
[WhiteFideId "13515110"]
[BlackFideId "13401319"]
[EventDate "2023.09.25"]
[EventType "k.o."]

1. d4 Nf6 2. Nf3 g6 3. g3 Bg7 4. Bg2 O-O 5. O-O d5 6. c3 c6 7. Re1 Bf5 8. Nbd2
Qc8 9. Nh4 Bg4 10. Qc2 Re8 11. c4 Na6 12. b3 g5 13. Nhf3 Bf5 14. Qc3 h6 15. Bb2
Ne4 16. Qc1 Qe6 17. Ne5 Red8 18. Nf1 Bh7 19. f3 Nd6 20. c5 Nb5 21. f4 Nb4 22.
Ne3 gxf4 23. gxf4 Bxe5 24. fxe5 Kh8 25. Kh1 Rg8 26. Bf3 Be4 27. Rf1 Qh3 28. Qd2
Nc2 29. Nxc2 Rg2 30. Qf4 Rg4 31. Qe3 Rg2 32. Qf4 Rg4 33. Qe3 Rg2 34. Qf4 1/2-1/2

[Event "AI Cup Div 1 W"]
[Site "chess.com INT"]
[Date "2023.09.25"]
[Round "1.4"]
[White "Vachier-Lagrave, Maxime"]
[Black "Firouzja, Alireza"]
[Result "1-0"]
[WhiteTitle "GM"]
[BlackTitle "GM"]
[WhiteElo "2727"]
[BlackElo "2777"]
[WhiteFideId "623539"]
[BlackFideId "12573981"]
[EventDate "2023.09.25"]
[EventType "k.o."]

1. e4 c6 2. d4 d5 3. Nc3 dxe4 4. Nxe4 Bf5 5. Qf3 Bg6 6. c3 Nd7 7. Bc4 e5 8. Ne2
exd4 9. cxd4 Bb4+ 10. N4c3 Ngf6 11. O-O O-O 12. Bb3 Qa5 13. Nf4 Bf5 14. h3 Rfe8
15. g4 Be4 16. Nxe4 Rxe4 17. Rd1 Rae8 18. Be3 Bd6 19. Rac1 Nb6 20. Bc2 R4e7 21.
Bb3 Ne4 22. h4 Bxf4 23. Bxf4 Nd5 24. Rc2 Nb4 25. Re2 Nd5 26. Rde1 Nef6 27. Rxe7
Nxe7 28. Re5 Qd8 29. Bg5 Qxd4 30. Bxf6 gxf6 31. Qxf6 Qxg4+ 32. Kf1 Qg7 33. Qd6
Qf8 34. h5 Kh8 35. Qf6+ Qg7 36. Qxf7 Qxe5 37. Qxe8+ Kg7 38. Qf7+ Kh6 39. Bc2
Qb5+ 40. Kg1 Qg5+ 41. Kf1 Qc1+ 42. Kg2 Qxc2 43. Qf8+ Kxh5 44. Qxe7 Qxb2 45.
Qxh7+ Kg5 46. Qe7+ Kf5 47. Qc5+ Ke4 48. Qxa7 Kd5 49. Kg3 c5 50. f4 c4 51. Qa5+
b5 52. Qd8+ Ke4 53. Qe7+ Kd3 54. Qh7+ Ke3 55. Qe7+ Kd2 56. f5 c3 57. Qd6+ Kc1
58. f6 c2 59. Qf4+ Kb1 60. f7 Qg7+ 61. Kf2 c1=Q 62. f8=Q Qgg1+ 63. Kf3 Qcd1+ 64.
Ke4 Qg2+ 65. Ke5 Qdd5+ 66. Kf6 Kb2 67. Q8b4+ Kxa2 68. Qa5+ Kb1 69. Qe1+ Ka2 70.
Qa5+ Kb3 71. Qe3+ Kc4 72. Qac3# 1-0

[Event "AI Cup Div 1 W"]
[Site "chess.com INT"]
[Date "2023.09.25"]
[Round "1.5"]
[White "Mamedyarov, Shakhriyar"]
[Black "Lazavik, Denis"]
[Result "1-0"]
[WhiteTitle "GM"]
[BlackTitle "GM"]
[WhiteElo "2734"]
[BlackElo "2560"]
[WhiteFideId "13401319"]
[BlackFideId "13515110"]
[EventDate "2023.09.25"]
[EventType "k.o."]

1. d4 Nf6 2. c4 e6 3. Nc3 Bb4 4. f3 d5 5. a3 Bxc3+ 6. bxc3 c6 7. e4 dxe4 8. fxe4
e5 9. Nf3 Bg4 10. Bd3 exd4 11. O-O dxc3 12. e5 Nfd7 13. Bc2 Na6 14. Qe1 Bxf3 15.
Rxf3 Qe7 16. Bf4 Nac5 17. Qxc3 Ne6 18. Bg3 O-O 19. Re1 Ndc5 20. Bf5 Rad8 21. Bf2
Rfe8 22. h4 b5 23. Rf1 bxc4 24. Qxc4 Rd5 25. Bb1 Rf8 26. Qc3 Nd7 27. Re1 Nd8 28.
Rfe3 Ne6 29. Qxc6 Rd2 30. R3e2 Rxe2 31. Rxe2 g6 32. Qd6 Re8 33. Ba2 Nb6 34. Rc2
Kg7 35. Rc3 Qb7 36. Rf3 Rd8 37. Qb4 Rd1+ 38. Kh2 Qd7 39. h5 Ng5 40. h6+ Kg8 41.
Rf6 Qe8 42. Qf4 Ne6 43. Rxe6 fxe6 44. Qf6 1-0

[Event "AI Cup Div 1 W"]
[Site "chess.com INT"]
[Date "2023.09.26"]
[Round "2.1"]
[White "Carlsen, Magnus"]
[Black "Nepomniachtchi, Ian"]
[Result "1/2-1/2"]
[WhiteTitle "GM"]
[BlackTitle "GM"]
[WhiteElo "2839"]
[BlackElo "2771"]
[WhiteFideId "1503014"]
[BlackFideId "4168119"]
[EventDate "2023.09.25"]
[EventType "k.o."]

1. e4 e5 2. Nf3 Nf6 3. Nxe5 d6 4. Nf3 Nxe4 5. Qe2 Qe7 6. d3 Nf6 7. Nc3 Qxe2+ 8.
Bxe2 Be7 9. Bd2 O-O 10. O-O-O a6 11. Rhe1 Re8 12. d4 h6 13. Bd3 Bg4 14. h3 Bxf3
15. gxf3 Nc6 16. Ne2 Nh7 17. Rg1 Bg5 18. f4 Bh4 19. Rg2 Nf8 20. c3 Bf6 21. Ng3
g6 22. Nh5 Bg7 23. f5 gxh5 24. Rdg1 Ng6 25. fxg6 f6 26. Bc4+ Kh8 27. Rg3 f5 28.
Rf3 Rf8 29. Bf7 Nd8 30. Rxf5 Nxf7 31. gxf7 Kh7 32. Re1 Kg6 33. Rf3 Bf6 34. Bxh6
Rxf7 35. Bd2 Rg8 36. Kc2 Kh7 37. Rf5 Kg6 38. Rd5 Rh7 39. Kd3 Kf7 40. Rf5 Rg2 41.
Re3 Kg6 42. Ref3 Be7 43. Be3 Rg1 44. a4 Rh1 45. Ke4 Rg1 46. Rg3+ Rxg3 47. fxg3
Bf6 48. Rf3 c6 49. Kd3 d5 50. a5 Rf7 51. Ke2 Bd8 52. Rxf7 Kxf7 53. b4 Kg6 54.
Kf3 Kf5 55. Bf4 Be7 56. Bh6 Bd8 57. Bd2 Be7 58. Be1 Bg5 59. g4+ hxg4+ 60. hxg4+
Kg6 61. Ke2 Bf4 62. Bh4 Bd6 63. Kf3 Bf8 64. Bg3 Bh6 65. Bf4 Bf8 66. Ke3 Be7 67.
Kd3 Bf8 68. Bd2 Be7 69. c4 Bf8 70. cxd5 cxd5 71. Kc3 Be7 72. Kb3 Bd6 73. Ka4 Be7
74. b5 Bd6 75. b6 Be7 76. Kb3 Bd6 77. Kc3 Be7 78. Kd3 Bd6 79. Ke2 Be7 80. Kf3
Bd6 81. Kg2 Be7 82. Kg3 Bf6 83. Bc3 Be7 84. Kf4 Bd6+ 85. Kf3 Be7 86. Bd2 Bd6 87.
Kg2 Be7 88. Kh3 Bf6 89. Bc3 Be7 90. Kg3 Bd6+ 91. Kf3 Be7 92. Kg3 Bd6+ 93. Kf3 1/2-1/2

[Event "AI Cup Div 1 W"]
[Site "chess.com INT"]
[Date "2023.09.26"]
[Round "2.1"]
[White "Vachier-Lagrave, Maxime"]
[Black "Mamedyarov, Shakhriyar"]
[Result "1/2-1/2"]
[WhiteTitle "GM"]
[BlackTitle "GM"]
[WhiteElo "2727"]
[BlackElo "2734"]
[WhiteFideId "623539"]
[BlackFideId "13401319"]
[EventDate "2023.09.25"]
[EventType "k.o."]

1. e4 e5 2. Nf3 Nc6 3. Bb5 a6 4. Ba4 Nf6 5. O-O Be7 6. Re1 b5 7. Bb3 d6 8. c3
O-O 9. h3 Be6 10. Bxe6 fxe6 11. d4 Qe8 12. Bg5 h6 13. Bh4 g5 14. Bg3 Nh5 15. a4
bxa4 16. d5 Nd8 17. Qxa4 Qxa4 18. Rxa4 exd5 19. exd5 Nb7 20. Nbd2 Nc5 21. Ra5
Nb7 22. Ra3 a5 23. Ne4 Nf6 24. Nxf6+ Bxf6 25. Nd2 Nc5 26. Ne4 Nxe4 27. Rxe4 Rfb8
28. b3 Rb5 29. c4 Rb4 30. f3 a4 31. Rxa4 Raxa4 32. bxa4 Rxa4 33. h4 gxh4 34.
Bxh4 Bxh4 35. Rxh4 Kg7 36. Kh2 c6 37. dxc6 Ra6 38. Rg4+ 1/2-1/2

[Event "AI Cup Div 1 W"]
[Site "chess.com INT"]
[Date "2023.09.26"]
[Round "2.2"]
[White "Nepomniachtchi, Ian"]
[Black "Carlsen, Magnus"]
[Result "1/2-1/2"]
[WhiteTitle "GM"]
[BlackTitle "GM"]
[WhiteElo "2771"]
[BlackElo "2839"]
[WhiteFideId "4168119"]
[BlackFideId "1503014"]
[EventDate "2023.09.25"]
[EventType "k.o."]

1. e4 c5 2. Nf3 d6 3. Bb5+ Nd7 4. O-O a6 5. Be2 Ngf6 6. d3 e6 7. a4 b6 8. Nfd2
Be7 9. f4 O-O 10. Bf3 Bb7 11. Nc3 d5 12. g4 Nb8 13. g5 Ne8 14. exd5 exd5 15. Bg2
Nc7 16. Nc4 Nc6 17. Nxb6 Rb8 18. Nbxd5 Nxd5 19. Nxd5 Nd4 20. c4 Bd6 21. Be3 Nf5
22. Bd2 Bxd5 23. Bxd5 Rxb2 24. Bc3 Ne3 25. Qe1 Nxd5 26. Bxb2 Nxf4 27. Qh4 Nxd3
28. Bc3 Be5 29. Bxe5 Nxe5 30. Rae1 Ng6 31. Qg4 Re8 32. h4 Rxe1 33. Rxe1 Nf8 34.
Rf1 g6 35. Qf3 Qd4+ 36. Kg2 Qxc4 37. a5 Qe6 38. Rf2 c4 39. Re2 Qd7 40. Qe4 Qc7
41. Qe5 Qd7 42. Qe4 Qc7 43. Qe5 Qd7 44. Qe4 1/2-1/2

[Event "AI Cup Div 1 W"]
[Site "chess.com INT"]
[Date "2023.09.26"]
[Round "2.2"]
[White "Mamedyarov, Shakhriyar"]
[Black "Vachier-Lagrave, Maxime"]
[Result "1/2-1/2"]
[WhiteTitle "GM"]
[BlackTitle "GM"]
[WhiteElo "2734"]
[BlackElo "2727"]
[WhiteFideId "13401319"]
[BlackFideId "623539"]
[EventDate "2023.09.25"]
[EventType "k.o."]

1. d4 Nf6 2. c4 g6 3. g3 c6 4. Bg2 d5 5. Nf3 Bg7 6. O-O O-O 7. a4 a5 8. Na3 Be6
9. cxd5 Bxd5 10. b3 Ne4 11. Nc4 Na6 12. Bb2 Nd6 13. Rc1 Nb4 14. e3 Na2 15. Rc2
Nb4 16. Rc1 Na2 17. Rc2 Nb4 18. Rc1 1/2-1/2

[Event "AI Cup Div 1 W"]
[Site "chess.com INT"]
[Date "2023.09.26"]
[Round "2.3"]
[White "Carlsen, Magnus"]
[Black "Nepomniachtchi, Ian"]
[Result "1-0"]
[WhiteTitle "GM"]
[BlackTitle "GM"]
[WhiteElo "2839"]
[BlackElo "2771"]
[WhiteFideId "1503014"]
[BlackFideId "4168119"]
[EventDate "2023.09.25"]
[EventType "k.o."]

1. e4 e5 2. Nf3 Nf6 3. Nxe5 d6 4. Nf3 Nxe4 5. d4 d5 6. Bd3 Bd6 7. O-O O-O 8. c4
c6 9. Re1 Bf5 10. Nc3 Nxc3 11. bxc3 Bxd3 12. Qxd3 dxc4 13. Qxc4 Nd7 14. Qb3 Qc7
15. c4 Rfe8 16. g3 b6 17. Bb2 Bf8 18. a4 a6 19. Kg2 h6 20. Rxe8 Rxe8 21. Bc1 Rb8
22. Qc2 Re8 23. a5 b5 24. cxb5 axb5 25. Bf4 Bd6 26. Bxd6 Qxd6 27. a6 Ra8 28. a7
Qc7 29. Ra6 Nf8 30. Qc5 Ne6 31. Rxc6 Qb7 32. Qb6 Rxa7 33. d5 Nf8 34. Qc5 Nd7 35.
Rc8+ Kh7 36. Qc2+ g6 37. Qc3 Nf6 38. d6 b4 39. Qc7 g5 40. Qxb7 Rxb7 41. Rc7 Rb5
42. Rxf7+ Kg6 43. d7 Rd5 44. Ne5+ Kf5 45. Ng4 Kxg4 46. Rxf6 Kh5 47. h3 1-0

[Event "AI Cup Div 1 W"]
[Site "chess.com INT"]
[Date "2023.09.26"]
[Round "2.3"]
[White "Vachier-Lagrave, Maxime"]
[Black "Mamedyarov, Shakhriyar"]
[Result "1-0"]
[WhiteTitle "GM"]
[BlackTitle "GM"]
[WhiteElo "2727"]
[BlackElo "2734"]
[WhiteFideId "623539"]
[BlackFideId "13401319"]
[EventDate "2023.09.25"]
[EventType "k.o."]

1. e4 e5 2. Nf3 Nc6 3. Bb5 a6 4. Ba4 d6 5. O-O Bd7 6. c4 g5 7. d4 g4 8. d5 Nce7
9. Nh4 b5 10. cxb5 axb5 11. Bb3 Bg7 12. g3 h5 13. Be3 Bf6 14. Ng2 Bg7 15. Nd2 f5
16. f4 gxf3 17. Qxf3 Nf6 18. Nh4 f4 19. gxf4 Ng4 20. fxe5 Nxe5 21. Qg3 Rg8 22.
Kh1 Bf6 23. Qe1 Ng4 24. Bf4 Ng6 25. Nxg6 Rxg6 26. Nf3 Bxb2 27. e5 Qe7 28. e6
Bxa1 29. Qxa1 O-O-O 30. Bc2 Rgg8 31. exd7+ Qxd7 32. Nd4 Rdf8 33. Ne6 Rf7 34. Be4
c5 35. Qe1 Qa7 36. Qe2 c4 37. h3 Ne3 38. Rf2 Nf5 39. Rg2 Rxg2 40. Bxg2 h4 41.
Qg4 Qe7 42. Qg8+ Kb7 43. Qxf7 1-0

[Event "AI Cup Div 1 W"]
[Site "chess.com INT"]
[Date "2023.09.26"]
[Round "2.4"]
[White "Nepomniachtchi, Ian"]
[Black "Carlsen, Magnus"]
[Result "1/2-1/2"]
[WhiteTitle "GM"]
[BlackTitle "GM"]
[WhiteElo "2771"]
[BlackElo "2839"]
[WhiteFideId "4168119"]
[BlackFideId "1503014"]
[EventDate "2023.09.25"]
[EventType "k.o."]

1. e4 c5 2. Nf3 d6 3. d4 cxd4 4. Nxd4 Nf6 5. Nc3 a6 6. Bg5 e6 7. Qf3 h6 8. Bd2
Qc7 9. g4 b5 10. a3 Bb7 11. O-O-O Nbd7 12. Qe2 Ne5 13. f3 g5 14. h4 Rg8 15. hxg5
hxg5 16. Kb1 Be7 17. Rh6 Nfd7 18. Qh2 Bf6 19. Ncxb5 axb5 20. Nxb5 Qb6 21. Bb4
Be7 22. Nxd6+ Bxd6 23. Rxd6 Qc7 24. Rhxe6+ fxe6 25. Rxe6+ Kd8 26. Qh7 Nf6 27.
Qf5 Nfd7 28. Bd6 Qxd6 29. Rxd6 Kc7 30. Rf6 Raf8 31. Rxf8 Rxf8 32. Qxg5 Rxf3 33.
Bb5 Bxe4 34. Bxd7 Nxd7 35. Qa5+ Kc8 36. Qb4 Rf4 37. Qc3+ Kd8 38. g5 Rf2 39. Qe3
Rf1+ 40. Ka2 Bxc2 41. b4 Bg6 42. b5 Rf5 43. a4 Re5 44. Qd4 Re4 45. Qd6 Bf7+ 46.
Ka3 Re3+ 47. Kb4 Re4+ 48. Ka3 Re3+ 49. Kb2 Re5 50. b6 Bd5 51. g6 Re6 52. Qc7+
Ke7 53. b7 Bxb7 54. g7 Rg6 55. Qxb7 Rxg7 56. a5 Rg6 57. Kc2 Kd8 58. Kc3 Rg3+ 59.
Kb2 Rg6 60. Kc2 Rg5 61. a6 Rc5+ 62. Kd2 Rc7 63. Qa8+ Rc8 64. Qh1 Rc7 65. Qh4+
Ke8 66. Qh5+ Ke7 67. Qg5+ Kd6 68. Qb5 Ra7 69. Kc3 Kc7 70. Kb4 Kd6 71. Ka5 Kc7
72. Qb4 Nb8 73. Qb6+ Kc8 74. Qe6+ Kc7 75. Qc4+ Kd8 76. Kb6 Rxa6+ 77. Kb7 Rc6 78.
Qd5+ Ke7 79. Kxb8 Rd6 80. Qc5 Ke6 81. Kc7 Rd5 82. Qc4 Ke5 83. Kc6 Rd6+ 84. Kc5
Rd8 85. Qe2+ Kf6 86. Qf2+ Ke6 87. Qe3+ Kf5 88. Qh3+ Ke5 89. Qh5+ Ke6 90. Qg6+
Ke7 91. Kc6 Rf8 92. Kd5 Rf7 93. Ke5 Kf8 94. Qh6+ Ke8 95. Qg5 Kd7 96. Qg6 Ke7 97.
Qd6+ Ke8 98. Qa3 Kd7 99. Qd6+ Ke8 100. Qb6 Re7+ 101. Kf6 Rf7+ 102. Kg6 Rd7 103.
Qc6 Ke7 104. Kf5 Kd8 105. Qb6+ Ke8 106. Qc5 Kf7 107. Qe5 Re7 108. Qh8 Rd7 109.
Qh1 Ke7 110. Ke5 Rc7 111. Qd5 Rd7 112. Qc6 Kd8 113. Kf6 Rf7+ 114. Kg6 Rc7 115.
Qa4 Ke7 116. Kf5 Rc5+ 117. Ke4 Kd6 118. Qb4 Kc6 119. Kd4 Rd5+ 120. Kc4 Re5 121.
Qb1 Rc5+ 122. Kd4 Rd5+ 123. Ke4 Rb5 124. Qa2 Rc5 125. Kd4 Rb5 126. Qe6+ Kc7 127.
Kc4 Rb7 128. Kc5 Kb8 129. Qd6+ 1/2-1/2

[Event "AI Cup Div 1 W"]
[Site "chess.com INT"]
[Date "2023.09.26"]
[Round "2.4"]
[White "Mamedyarov, Shakhriyar"]
[Black "Vachier-Lagrave, Maxime"]
[Result "0-1"]
[WhiteTitle "GM"]
[BlackTitle "GM"]
[WhiteElo "2734"]
[BlackElo "2727"]
[WhiteFideId "13401319"]
[BlackFideId "623539"]
[EventDate "2023.09.25"]
[EventType "k.o."]

1. Nf3 d5 2. d4 Nf6 3. c4 dxc4 4. e3 e6 5. Bxc4 a6 6. O-O c5 7. b3 cxd4 8. Nxd4
Be7 9. Bb2 O-O 10. Nd2 b5 11. Be2 Bb7 12. Rc1 Qd7 13. Bf3 Ra7 14. g4 Rc8 15.
Rxc8+ Qxc8 16. g5 Ne8 17. h4 Nd6 18. Bg4 Bf8 19. h5 Nf5 20. e4 Nxd4 21. Bxd4 Bc5
22. Ba1 Nd7 23. Qe2 Qc7 24. Qf3 Bd6 25. Qe3 Ra8 26. Nf3 Bc5 27. Qc3 Nf6 28. Ne5
Nxe4 0-1

[Event "AI Cup Div 1 W"]
[Site "chess.com INT"]
[Date "2023.09.27"]
[Round "3.1"]
[White "Carlsen, Magnus"]
[Black "Vachier-Lagrave, Maxime"]
[Result "1/2-1/2"]
[WhiteTitle "GM"]
[BlackTitle "GM"]
[WhiteElo "2839"]
[BlackElo "2727"]
[WhiteFideId "1503014"]
[BlackFideId "623539"]
[EventDate "2023.09.25"]
[EventType "k.o."]

1. e4 c5 2. Nf3 Nc6 3. Bb5 g6 4. O-O Bg7 5. Re1 Nf6 6. c3 O-O 7. h3 e5 8. d4
cxd4 9. cxd4 d5 10. dxe5 Nxe4 11. Nc3 Qb6 12. Qe2 Rd8 13. Bxc6 Nxc3 14. bxc3
bxc6 15. Bg5 Re8 16. Qd2 c5 17. Bf6 Bxf6 18. exf6 Bf5 19. Qf4 Re4 20. Rxe4 dxe4
21. Ne5 Qxf6 22. Ng4 Qxc3 23. Rc1 Qd4 24. Nh6+ Kg7 25. Nxf5+ gxf5 26. Qg5+ Kh8
27. Qxf5 e3 28. Qxf7 Rg8 29. Re1 exf2+ 30. Qxf2 Rf8 31. Qxd4+ cxd4 32. Rd1 Rd8
33. Kf2 Rc8 34. Ke2 Rc4 35. Rd3 Ra4 36. a3 Kg7 37. Kf3 Kf6 38. Ke4 Ke6 39. g4 h6
40. h4 Ra5 41. h5 Rg5 42. Rg3 Rd5 43. Rf3 Rg5 44. Rf4 Ra5 45. Rf8 Rxa3 46. Rh8
Rg3 47. Rxh6+ Ke7 48. Kf4 d3 49. Rh7+ Ke6 50. Rh8 Ke7 51. Ra8 d2 52. Rxa7+ Ke6
53. Ra1 Rd3 54. Rd1 Kf6 55. g5+ Kg7 56. Ke4 Rd8 57. Kf4 Rd5 58. Kg4 Rd4+ 59. Kf5
Rd5+ 60. Kf4 Kh7 1/2-1/2